000 00597nam a22002297a 4500
003 UA-OsUOA
001 84644
007 ta
008 20120607b un ||||| |||| 00| 0 ukr d
100 _aКниш І.
090 _a94(477).152=055.2
_bК53
942 _cBK
040 _aUA-OsUOA
_bukr
_cUA-OsUOA
_dUA-OsUOA
245 _aПатріотизм Анни Йонкер
300 _a192 с.
955 _a2
041 _aukr
080 _a94(477).152=055.2
260 _aВінніпег
_c1964
650 7 _a9 Географія. Біографії. Історія
_2UDC
999 _c370956
_d370956